=LDR 00000nam 2200000 4500 =001 INLIS000000000019279 =005 20130612114349 =008 ***********************************Ind** =035 ##$$0010-061300000019279 =041 ##$$a Ind =082 ##$$a 420.07 =090 ##$$a 420.07, Asa m =100 ##$$a Asa, Paul =245 ##$$a Mari belajar bahasa Inggris, Paul Asa SVD =260 ##$$a 2003 $b Jakarta =300 ##$$a ...jil, 27 cm =650 ##$$a Bahasa Inggris-Studi dan Pengajaran =850 ##$$a NBPNMAT =990 ##$$a 0001/BPAP-NTB/2016